000 00960 a2200253 4500
001 49330
005 20260407155756.0
008 260407a2018 arg spa d
003 AR-UNSa-BCEJYS
040 _aAR-UNSa-BCEJYS
_bspa
_cAR-UNSa-BCEJYS
080 _a657
_xContabilidad
245 1 0 _aContabilidad patrimonial
020 _a978-987-716-082-6
250 _a3a. ed.
264 1 _aBuenos Aires :
_bOsmar D. Buyatti
_c2018
300 _a366 p.
_c22 cm.
505 _a1. Patrimonio neto - 2. Bienes de cambio - 3. Bienes de uso - 4. Activos intangibles - 5. Créditos - 6. Efectivo - 7. Inversiones financieras y propiedades de inversión - 8. Compromisos ciertos - 9. Compromisos contingentes.
041 _aspa
942 _cBK
590 _aniveau_biblio:m niveau_hierar:0
100 1 _aPetti, Ana María
700 1 _aLonghi, Paula Ana
856 4 1 _uhttps://www.biblioeco.unsa.edu.ar/pmb/images/libros/L127968.jpg
_yImagen de portada
_qimage/jpeg
999 _c4801
_d4801